书目信息 |
| 题名: |
共和国领袖的政治智慧
|
|
| 作者: | 卢瑞莲 , 张云英 , 刘高志 主编 | |
| 分册: | 3 | |
| 出版信息: | 长沙 湖南出版社 2006.01 |
|
| 页数: | 22, 367-552页, [4] 页图版 | |
| 开本: | 20cm | |
| 丛书名: | 中国共产党政治智慧丛书 | |
| 单 册: | ||
| 中图分类: | K820.7 | |
| 科图分类: | ||
| 主题词: | 革命领袖--ge ming ling xiu--生平事迹--中国 | |
| 电子资源: | ||
| ISBN: | 7-5438-1627-X | |
| 000 | 01078nam 2200289 450 | |
| 001 | 012008034860 | |
| 005 | 20080426103006.29 | |
| 010 | @a7-5438-1627-X@dCNY28.00 | |
| 100 | @a20080425d2006 km y0chiy0120 ea | |
| 101 | 0 | @achi |
| 102 | @aCN@b430000 | |
| 105 | @aacf z 000yy | |
| 106 | @ar | |
| 200 | 1 | @a共和国领袖的政治智慧@Agong he guo ling xiu de zheng zhi zhi hui@h3@f卢瑞莲, 张云英, 刘高志主编@Flu rui lian,zhang yun ying,liu gao zhi zhu bian |
| 205 | @a第2版 | |
| 210 | @a长沙@c湖南出版社@d2006.01 | |
| 215 | @a22, 367-552页, [4] 页图版@c图, 肖像@d20cm | |
| 225 | 2 | @a中国共产党政治智慧丛书@Azhong guo gong chan dang zheng zhi zhi hui cong shu |
| 330 | @a本书包括:推进发展的政治智慧,思想政治工作的智慧,处理国际关系的智慧等内容。 | |
| 410 | 0 | @12001 @a中国共产党政治智慧丛书 |
| 606 | 0 | @a革命领袖@Age ming ling xiu@x生平事迹@y中国 |
| 690 | @aK820.7@v4 | |
| 701 | 0 | @a卢瑞莲@Alu rui lian@4主编 |
| 701 | 0 | @a张云英@Azhang yun ying@4主编 |
| 701 | 0 | @a刘高志@Aliu gao zhi@4主编 |
| 801 | 0 | @aCN@bQSSK@c20080426 |
| 905 | @b20704810-12@dK820.7@eL790=2:3@f3 | |
| 共和国领袖的政治智慧.3/卢瑞莲, 张云英, 刘高志主编.-第2版.-长沙:湖南出版社,2006.01 |
| 22, 367-552页, [4] 页图版:图, 肖像;20cm.-(中国共产党政治智慧丛书) |
| ISBN 7-5438-1627-X:CNY28.00 |
| 本书包括:推进发展的政治智慧,思想政治工作的智慧,处理国际关系的智慧等内容。 |
| ● |
| 相关链接 |
|
|
|
正题名:共和国领袖的政治智慧
索取号:K820.7/L790=2:3
 
预约/预借
| 序号 | 登录号 | 条形码 | 馆藏地/架位号 | 状态 | 备注 |
| 1 | 704810 | 207048103 | 社科库309/309社科库 45排2列1层/ [索取号:K820.7/L790=2:3] | 在馆 | |
| 2 | 704811 | 207048112 | 社科库309/309社科库 45排2列1层/ [索取号:K820.7/L790=2:3] | 在馆 | |
| 3 | 704812 | 207048121 | 社科库309/309社科库 45排2列1层/ [索取号:K820.7/L790=2:3] | 在馆 |